<?xml version="1.0" encoding="UTF-8"?>
<record
    xmlns:xsi="http://www.w3.org/2001/XMLSchema-instance"
    xsi:schemaLocation="http://www.loc.gov/MARC21/slim http://www.loc.gov/standards/marcxml/schema/MARC21slim.xsd"
    xmlns="http://www.loc.gov/MARC21/slim">

  <leader>02545nam a2200397Ii 4500</leader>
  <controlfield tag="001">DIGBIN01240</controlfield>
  <controlfield tag="003">NyNyDIG</controlfield>
  <controlfield tag="006">m     o  d        </controlfield>
  <controlfield tag="007">cr |||||||||||</controlfield>
  <controlfield tag="008">100625s2009    sp      ob    000 0 spa d</controlfield>
  <datafield tag="020" ind1=" " ind2=" ">
    <subfield code="z">8497429079</subfield>
  </datafield>
  <datafield tag="020" ind1=" " ind2=" ">
    <subfield code="z">9788497429078</subfield>
  </datafield>
  <datafield tag="035" ind1=" " ind2=" ">
    <subfield code="a">(OCoLC)888255608</subfield>
  </datafield>
  <datafield tag="040" ind1=" " ind2=" ">
    <subfield code="a">DGITA</subfield>
    <subfield code="b">eng</subfield>
    <subfield code="e">pn</subfield>
    <subfield code="c">DGITA</subfield>
  </datafield>
  <datafield tag="043" ind1=" " ind2=" ">
    <subfield code="a">e-sp---</subfield>
  </datafield>
  <datafield tag="050" ind1="1" ind2="4">
    <subfield code="a">PN1992.77.Q49 eBook</subfield>
  </datafield>
  <datafield tag="100" ind1="1" ind2=" ">
    <subfield code="a">Palao Errando, Jos&#xE9; Antonio,</subfield>
    <subfield code="d">1962-</subfield>
  </datafield>
  <datafield tag="245" ind1="1" ind2="0">
    <subfield code="a">Cuando la televisi&#xF3;n lo pod&#xED;a todo :</subfield>
    <subfield code="b">"Quien sabe donde" en la cumbre del modelo difusi&#xF3;n /</subfield>
    <subfield code="c">Jos&#xE9; Antonio Palao Errando.</subfield>
  </datafield>
  <datafield tag="264" ind1=" " ind2="1">
    <subfield code="a">Madrid:</subfield>
    <subfield code="b">Editorial Biblioteca Nueva,</subfield>
    <subfield code="c">2009.</subfield>
  </datafield>
  <datafield tag="300" ind1=" " ind2=" ">
    <subfield code="a">1 online resource (392 pages)</subfield>
  </datafield>
  <datafield tag="336" ind1=" " ind2=" ">
    <subfield code="a">text</subfield>
    <subfield code="b">txt</subfield>
    <subfield code="2">rdacontent</subfield>
  </datafield>
  <datafield tag="337" ind1=" " ind2=" ">
    <subfield code="a">computer</subfield>
    <subfield code="b">c</subfield>
    <subfield code="2">rdamedia</subfield>
  </datafield>
  <datafield tag="338" ind1=" " ind2=" ">
    <subfield code="a">online resource</subfield>
    <subfield code="b">cr</subfield>
    <subfield code="2">rdacarrier</subfield>
  </datafield>
  <datafield tag="490" ind1="1" ind2=" ">
    <subfield code="a">Biblioteca otras eutop&#xEF;as ;</subfield>
    <subfield code="v">40.</subfield>
  </datafield>
  <datafield tag="504" ind1=" " ind2=" ">
    <subfield code="a">Includes bibliographical references (p. [377]-387).</subfield>
  </datafield>
  <datafield tag="505" ind1="0" ind2=" ">
    <subfield code="a">Prefacio. Por un imperativo metodol&#xF3;gico -- Primera parte. El origen, el horizonte y el camino: Teor&#xED;a y m&#xE9;todo -- 1. La relevancia del m&#xE9;todo -- 2. La especificidad del An&#xE1;lisis Textual y sus instrumentos f&#xED;lmicos -- 3. Genealog&#xED;a del Paradigma Informativo -- 4. El sujeto y el v&#xED;nculo medi&#xE1;tico -- Segunda parte. "Qui&#xE9;n sabe d&#xF3;nde" -- 5. El contexto pertinente: la televisi&#xF3;n en la Espa&#xF1;a de los 90, cumbre del Modelo Difusi&#xF3;n -- 6. La ejemplaridad de "Quien sabe donde" -- 7. Elementos gen&#xE9;ricos -- 8. Estructura de la emisi&#xF3;n: la "dispositio" -- 9. Taxonom&#xED;a de los casos: la emisi&#xF3;n, el dispositivo y el establecimiento de la Agenda -- 10. Organizaci&#xF3;n del contracampo: la funci&#xF3;n f&#xE1;tica -- 11. La "elocutio": los artificios de edici&#xF3;n, entre la connotaci&#xF3;n y el ornato -- 12. Ontolog&#xED;a contra Ideolog&#xED;a -- 13. Los casos de "Quien sabe donde": la gesti&#xF3;n del "fuera de campo" -- 14. Fuera de campo, el goce: las ni&#xF1;as de Alc&#xE0;sser -- 15. El discurso del Otro: Mariona Claret -- 16. P&#xED;xeles y genes: el ni&#xF1;o pintor de M&#xE1;laga -- 17. Ser para el Otro: Jes&#xFA;s Monter -- Consecuencias y aperturas -- Bibliograf&#xED;a.</subfield>
  </datafield>
  <datafield tag="630" ind1="0" ind2="0">
    <subfield code="a">Qui&#xE9;n sabe d&#xF3;nde (Television program)</subfield>
  </datafield>
  <datafield tag="650" ind1=" " ind2="0">
    <subfield code="a">Television programs</subfield>
    <subfield code="z">Spain.</subfield>
  </datafield>
  <datafield tag="655" ind1=" " ind2="0">
    <subfield code="a">Electronic books.</subfield>
  </datafield>
  <datafield tag="791" ind1="2" ind2=" ">
    <subfield code="a">Digitalia (Firm),</subfield>
    <subfield code="e">distributor.</subfield>
  </datafield>
  <datafield tag="830" ind1=" " ind2="0">
    <subfield code="a">Biblioteca otras eutop&#xEF;as ;</subfield>
    <subfield code="v">40.</subfield>
  </datafield>
  <datafield tag="793" ind1="0" ind2=" ">
    <subfield code="g">Digitalia eBook Collection:</subfield>
    <subfield code="a">Biblioteca Nueva</subfield>
  </datafield>
  <datafield tag="856" ind1="4" ind2="0">
    <subfield code="3">Digitalia Hisp&#xE1;nica</subfield>
    <subfield code="u">https://www.digitaliapublishing.com/a/6310/</subfield>
  </datafield>
  <datafield tag="910" ind1=" " ind2=" ">
    <subfield code="a">Premium Collection: 2007-2012</subfield>
  </datafield>
  <datafield tag="942" ind1=" " ind2=" ">
    <subfield code="c">RAA</subfield>
  </datafield>
  <datafield tag="952" ind1=" " ind2=" ">
    <subfield code="0">0</subfield>
    <subfield code="1">0</subfield>
    <subfield code="4">0</subfield>
    <subfield code="7">0</subfield>
    <subfield code="8">DEH</subfield>
    <subfield code="a">BD-UIN</subfield>
    <subfield code="b">BD-UIN</subfield>
    <subfield code="d">2025-04-25</subfield>
    <subfield code="l">0</subfield>
    <subfield code="r">2025-04-25</subfield>
    <subfield code="w">2025-04-25</subfield>
    <subfield code="y">RAA</subfield>
  </datafield>
  <datafield tag="999" ind1=" " ind2=" ">
    <subfield code="c">231532</subfield>
    <subfield code="d">231532</subfield>
  </datafield>
</record>
